书目信息 |
| 题名: |
闹花灯
|
|
| 作者: | 陈荫荣 讲述 ;金受申 整理 | |
| 分册: | ||
| 出版信息: | 北京 中国曲艺出版社 1981 |
|
| 页数: | 237页 | |
| 开本: | 19cm | |
| 丛书名: | 传统评书《兴唐传》 | |
| 单 册: | ||
| 中图分类: | I239.8 | |
| 科图分类: | ||
| 主题词: | 戏剧文学--剧本--中国 | |
| 电子资源: | ||
| ISBN: | ||
| 000 | 00737nam2 2200265 45 | |
| 001 | 0181002066 | |
| 005 | 20061111103525.96 | |
| 010 | @dCNY0.60 | |
| 091 | @a10227..001 | |
| 100 | @a19950522d1981 em y0chiy0121 ea | |
| 101 | 0 | @achi |
| 102 | @aCN@b110000 | |
| 105 | @ay z 000by | |
| 200 | 10 | @a闹花灯@Anao hua deng@f陈荫荣讲述@g金受申整理 |
| 210 | @a北京@c中国曲艺出版社@d1981 | |
| 215 | @a237页@d19cm | |
| 225 | 2 | @a传统评书《兴唐传》@v1 |
| 410 | 0 | @120010@a传统评书《兴唐传》 |
| 606 | 0 | @a戏剧文学@x剧本@x中国 |
| 690 | @aI239.8@v3 | |
| 701 | 0 | @a陈荫荣@Achen yin rong@4讲述 |
| 702 | 0 | @a金受申@Ajin shou shen@4整理 |
| 801 | 2 | @aCN@bNLC@c20061111 |
| 801 | 0 | @aCN@b上海图书馆@c20040311 |
| 905 | @f1@b40505@dI239.8@e12:1 | |
| 闹花灯/陈荫荣讲述/金受申整理.-北京:中国曲艺出版社,1981 |
| 237页;19cm.-(传统评书《兴唐传》;1) |
| ISBN :CNY0.60 |
| ● |
| 相关链接 |
|
|
|
|
正题名:闹花灯
索取号:I239.8/12:1
 
预约/预借
| 序号 | 登录号 | 条形码 | 馆藏地/架位号 | 状态 | 备注 |
| 1 | 0040505 | 001898138 | 密集书库/ [索取号:I239.8/12:1] | 在馆 | |
| 2 | 0040507 | 001504679 | 第二借阅区/ [索取号:I239.8/12:1] | 在馆 | |
| 3 | 0040508 | 000960874 | 第一样本阅览室/ [索取号:I239.8/12:1] | 在馆 | |
| 4 | 0456674 | 204566745 | 密集书库/ [索取号:I239.8/12:1] | 在馆 |